[Event "Bayern-ch Seniors 17th"]
[Site "Schloss Schney"]
[Date "2005.06.14"]
[Round "5"]
[White "Weigel, Herbert"]
[Black "Petzenhauser, Isfried"]
[Result "0-1"]
[WhiteElo "1973"]
[BlackElo "1749"]
[PlyCount "56"]
[EventDate "2005.06.10"]
[EventType "swiss"]
[EventRounds "9"]
[EventCountry "GER"]
[SourceTitle "EXT 2006"]
[Source "ChessBase"]
[SourceDate "2005.11.24"]
[SourceVersion "1"]
[SourceVersionDate "2005.11.24"]
[SourceQuality "1"]

1. e4 e5 2. Nf3 Nc6 3. Bb5 f5 4. Nc3 Nf6 5. exf5 Nd4 6. Bd3 Bc5 7. 0-0 0-0 8. Nxe5 d5 9. Nf3 Ng4 10. Nxd4 Nxf2 11. Rxf2 Bxd4 12. Qf3 c6 13. Nd1 Bxf2+ 14. Nxf2 Qe7 15. g4 g6 16. Qe3 Qg7 17. fxg6 Bd7 18. c3 hxg6 19. b3 Rae8 20. Qd4 Qh6 21. Ba3 Rf4 22. Qc5 Bxg4 23. Qd6 Rxf2 24. Qg3 Rf3 25. Qxg4 Rxd3 26. Rf1 Rxd2 27. h4 Qe3+ 28. Kh1 Qe4+ 0-1

[Event "Bayern-ch Seniors 16th"]
[Site "Schloss Schney"]
[Date "2004.06.12"]
[Round "7"]
[White "Petzenhauser, Isfried"]
[Black "Walther, Diethelm"]
[Result "0-1"]
[WhiteElo "1791"]
[BlackElo "2060"]
[PlyCount "74"]
[EventDate "2004.06.06"]
[EventType "swiss"]
[EventRounds "9"]
[EventCountry "GER"]
[SourceTitle "EXT 2006"]
[Source "ChessBase"]
[SourceDate "2005.11.24"]
[SourceVersion "1"]
[SourceVersionDate "2005.11.24"]
[SourceQuality "1"]

1. d4 d5 2. e4 dxe4 3. Nc3 Nf6 4. f3 exf3 5. Nxf3 Bg4 6. h3 Bh5 7. g4 Bg6 8. Ne5 e6 9. Bg2 c6 10. 0-0 Be7 11. Be3 Nd5 12. Nxd5 exd5 13. Qf3 0-0 14. Qe2 Nd7 15. Nxg6 hxg6 16. Rae1 Bh4 17. Bf2 Bf6 18. Qd3 Qc7 19. c3 Rfe8 20. Bg3 Qa5 21. a3 Nf8 22. h4 Qd8 23. g5 Be7 24. Qf3 f6 25. h5 gxh5 26. Qxh5 Nh7 27. g6 Nf8 28. Bh3 Bd6 29. Rxe8 Qxe8 30. Re1 Bxg3 31. Be6+ Nxe6 32. Qh7+ Kf8 33. Qh8+ Ke7 34. Qxg7+ Kd6 35. Rxe6+ Qxe6 36. Qxb7 Qe3+ 37. Kg2 Qf2+ 0-1

[Event "Bayern-ch Seniors 16th"]
[Site "Schloss Schney"]
[Date "2004.06.10"]
[Round "5"]
[White "Alefs, Heinz"]
[Black "Petzenhauser, Isfried"]
[Result "0-1"]
[WhiteElo "1677"]
[BlackElo "1791"]
[PlyCount "100"]
[EventDate "2004.06.06"]
[EventType "swiss"]
[EventRounds "9"]
[EventCountry "GER"]
[SourceTitle "EXT 2006"]
[Source "ChessBase"]
[SourceDate "2005.11.24"]
[SourceVersion "1"]
[SourceVersionDate "2005.11.24"]
[SourceQuality "1"]

1. d4 d5 2. c4 e5 3. dxe5 d4 4. Nf3 Nc6 5. Bg5 f6 6. exf6 Nxf6 7. a3 Bd6 8. Nbd2 Bg4 9. h3 Be6 10. Rc1 h6 11. Bxf6 Qxf6 12. Ne4 Qe7 13. Nxd4 Rd8 14. Qa4 Bb4+ 15. axb4 Rxd4 16. Nd2 0-0 17. e3 Nxb4 18. Be2 Nd3+ 19. Bxd3 Rxd3 20. Nf3 Qc5 21. Nd4 Rxd4 22. exd4 Qg5 23. Kd1 Qxg2 24. Re1 Qxh3 25. Rc3 Qg4+ 26. Kc1 Bd7 27. Qc2 Qxd4 28. Rd3 Qf4+ 29. Kd1 Bg4+ 30. f3 Bf5 31. Ree3 Qxe3 32. Rxe3 Bxc2+ 33. Kxc2 Rf7 34. b4 b6 35. b5 Kf8 36. Ra3 Ke8 37. Kd2 Rf4 38. Rc3 g5 39. Ke2 Kd7 40. c5 Rb4 41. Rd3+ Ke6 42. Re3+ Kf5 43. cxb6 cxb6 44. Re7 Rxb5 45. Rxa7 Kf4 46. Rf7+ Rf5 47. Rh7 Rf6 48. Kf2 Ke5 49. Re7+ Kd6 50. Re8 g4 0-1

[Event "Bayern-ch Seniors 16th"]
[Site "Schloss Schney"]
[Date "2004.06.06"]
[Round "1"]
[White "Petzenhauser, Isfried"]
[Black "Grueneschild, Hildegard"]
[Result "1-0"]
[WhiteElo "1791"]
[BlackElo "1414"]
[PlyCount "75"]
[EventDate "2004.06.06"]
[EventType "swiss"]
[EventRounds "9"]
[EventCountry "GER"]
[SourceTitle "EXT 2006"]
[Source "ChessBase"]
[SourceDate "2005.11.24"]
[SourceVersion "1"]
[SourceVersionDate "2005.11.24"]
[SourceQuality "1"]

1. d4 Nf6 2. Nc3 g6 3. e4 d6 4. Be2 Bg7 5. g4 Nc6 6. Be3 e5 7. d5 Ne7 8. g5 Nd7 9. Qd2 a6 10. 0-0-0 b5 11. h4 Nb6 12. Bxb6 cxb6 13. h5 gxh5 14. Bxh5 Ng6 15. Nce2 a5 16. Ng3 Ne7 17. Be2 Bd7 18. Nh5 Rg8 19. Nf6+ Bxf6 20. gxf6 Ng6 21. Qg5 Qc7 22. Rxh7 0-0-0 23. Rg7 Rxg7 24. fxg7 b4 25. Qf6 Ba4 26. b3 Qc3 27. Ba6+ Kd7 28. Qxf7+ Ne7 29. Ne2 Qa1+ 30. Kd2 Qxa2 31. Qe6+ Kc7 32. bxa4 Qxa4 33. Qxe7+ Qd7 34. Qxd7+ Kxd7 35. Rg1 Rg8 36. Bb5+ Ke7 37. Ng3 Kf6 38. Nf5 1-0

[Event "Bayern-ch Seniors 15th"]
[Site "Schloss Schney"]
[Date "2003.06.14"]
[Round "2.5"]
[White "Petzenhauser, Isfried"]
[Black "Kraft, Hans"]
[Result "0-1"]
[WhiteElo "1816"]
[BlackElo "2121"]
[PlyCount "60"]
[EventDate "2003.06.13"]
[EventType "swiss"]
[EventRounds "9"]
[EventCountry "GER"]
[SourceTitle "EXT 2004"]
[Source "ChessBase"]
[SourceDate "2003.11.25"]
[SourceVersion "1"]
[SourceVersionDate "2003.11.25"]
[SourceQuality "1"]

1. d4 Nf6 2. Nc3 c5 3. d5 d6 4. e4 g6 5. Be2 Bg7 6. g4 h6 7. h3 a6 8. a4 e6 9. Be3 exd5 10. exd5 Nbd7 11. Qd2 Rb8 12. Bf4 Qe7 13. 0-0-0 b5 14. axb5 g5 15. Bg3 0-0 16. Bd3 axb5 17. Re1 Ne5 18. Kb1 c4 19. Bf5 Bxf5 20. gxf5 b4 21. Bxe5 bxc3 22. Bxc3 Ne4 23. Rxe4 Qxe4 24. f3 Bxc3 25. Qxc3 Qxf5 26. Ne2 Rb3 27. Nd4 Rxc3 28. Nxf5 Rxf3 29. Nxh6+ Kh7 30. Ng4 f5 0-1

[Event "Bayern-ch Seniors 14th"]
[Site "Schloss Schney"]
[Date "2002.06.05"]
[Round "5"]
[White "Fries, Karl Heinz"]
[Black "Petzenhauser, Isfried"]
[Result "0-1"]
[WhiteElo "1707"]
[BlackElo "1876"]
[PlyCount "56"]
[EventDate "2002.05.31"]
[EventType "swiss"]
[EventRounds "9"]
[EventCountry "GER"]
[SourceTitle "EXT 2003"]
[Source "ChessBase"]
[SourceDate "2002.11.25"]
[SourceVersion "1"]
[SourceVersionDate "2002.11.25"]
[SourceQuality "1"]

1. e4 e5 2. Nf3 Nc6 3. Bb5 f5 4. exf5 e4 5. Qe2 Qe7 6. Bxc6 dxc6 7. Nd4 Qe5 8. Nb3 Bd6 9. Nc3 Bxf5 10. g4 Bg6 11. h4 h5 12. g5 Ne7 13. Nd1 0-0-0 14. Ne3 Bf7 15. c3 Ng6 16. Ng2 Qd5 17. Nd4 Bc5 18. Nb3 Bb6 19. 0-0 Qc4 20. Re1 Qd3 21. Qxe4 Qh3 22. Re3 Bxe3 23. Qxe3 Qg4 24. f3 Qh3 25. Qf2 Bd5 26. Nd4 c5 27. Ne2 Bxf3 28. Nef4 Nxf4 0-1

[Event "Bayern-ch Seniors 14th"]
[Site "Schloss Schney"]
[Date "2002.06.05"]
[Round "6"]
[White "Petzenhauser, Isfried"]
[Black "Fiedler, Werner"]
[Result "0-1"]
[WhiteElo "1876"]
[BlackElo "1714"]
[PlyCount "74"]
[EventDate "2002.05.31"]
[EventType "swiss"]
[EventRounds "9"]
[EventCountry "GER"]
[SourceTitle "EXT 2003"]
[Source "ChessBase"]
[SourceDate "2002.11.25"]
[SourceVersion "1"]
[SourceVersionDate "2002.11.25"]
[SourceQuality "1"]

1. d4 d5 2. e4 dxe4 3. Nc3 Nf6 4. f3 exf3 5. Nxf3 e6 6. Bd3 Bd6 7. Bg5 Nbd7 8. Qe2 c6 9. 0-0-0 Qc7 10. Kb1 h6 11. Bh4 a6 12. Rhe1 Nd5 13. Nxd5 cxd5 14. g4 b5 15. Bg3 Bxg3 16. hxg3 Qxg3 17. Rg1 Qd6 18. Rde1 Bb7 19. g5 0-0-0 20. g6 f6 21. Qxe6 Qxe6 22. Rxe6 Rde8 23. Rge1 Kd8 24. Nh4 Rxe6 25. Rxe6 Nf8 26. Re1 Bc8 27. b3 Ne6 28. Nf5 Rg8 29. c3 Nf4 30. Bc2 Nxg6 31. Nxg7 Rxg7 32. Rg1 f5 33. Bd1 Ke7 34. c4 bxc4 35. bxc4 dxc4 36. d5 Bd7 37. Bh5 Kf6 0-1

[Event "Bayern-ch Seniors 14th"]
[Site "Schloss Schney"]
[Date "2002.05.31"]
[Round "1"]
[White "Petzenhauser, Isfried"]
[Black "Roth, Karlheinz"]
[Result "1-0"]
[WhiteElo "1876"]
[BlackElo "1603"]
[PlyCount "59"]
[EventDate "2002.05.31"]
[EventType "swiss"]
[EventRounds "9"]
[EventCountry "GER"]
[SourceTitle "EXT 2003"]
[Source "ChessBase"]
[SourceDate "2002.11.25"]
[SourceVersion "1"]
[SourceVersionDate "2002.11.25"]
[SourceQuality "1"]

1. d4 Nf6 2. Nc3 e6 3. e4 d6 4. Bd3 Nc6 5. Nf3 Be7 6. Bf4 Nb4 7. Bb5+ c6 8. Ba4 b5 9. Bb3 a5 10. a3 Na6 11. Qe2 0-0 12. 0-0 Qb6 13. e5 dxe5 14. dxe5 Nd5 15. Nxd5 cxd5 16. Rad1 Nc5 17. Be3 a4 18. Ba2 Ba6 19. Bb1 b4 20. c4 Qb7 21. Bxc5 Bxc4 22. Qc2 f5 23. exf6 g6 24. Bxe7 Bxf1 25. Kxf1 Rfc8 26. Qd3 b3 27. Qe3 Rc7 28. Qxe6+ Kh8 29. Bd3 Rc2 30. f7 1-0

[Event "Bayern-ch Seniors 13th"]
[Site "Schloss Schney"]
[Date "2001.??.??"]
[Round "5"]
[White "Schmitzer, Heinrich"]
[Black "Petzenhauser, Isfried"]
[Result "1-0"]
[WhiteElo "1795"]
[BlackElo "1878"]
[PlyCount "51"]
[EventDate "2001.06.??"]
[EventType "swiss"]
[EventRounds "9"]
[EventCountry "GER"]
[SourceTitle "EXT 2006"]
[Source "ChessBase"]
[SourceDate "2005.11.24"]
[SourceVersion "1"]
[SourceVersionDate "2005.11.24"]
[SourceQuality "1"]

1. c4 e5 2. Nc3 f5 3. g3 c6 4. Bg2 Nf6 5. e3 d6 6. Nge2 Be7 7. 0-0 0-0 8. d4 Qc7 9. b3 Rd8 10. d5 Rf8 11. Bb2 a6 12. Rc1 c5 13. Qc2 Bd8 14. f3 Qf7 15. e4 Qg6 16. Rf2 Nh5 17. f4 exf4 18. Nxf4 Nxf4 19. gxf4 Bf6 20. Kh1 Bd4 21. Rf3 fxe4 22. Rg3 Qh6 23. Nxe4 Bxb2 24. Qxb2 Rxf4 25. Rf1 Rg4 26. Qf2 1-0

[Event "Bayern-ch Seniors 12th"]
[Site "Schloss Schney"]
[Date "2000.??.??"]
[Round "4"]
[White "Petzenhauser, Isfried"]
[Black "Dunkel, Horst"]
[Result "1-0"]
[WhiteElo "1810"]
[BlackElo "1639"]
[PlyCount "65"]
[EventDate "2000.11.02"]
[EventType "swiss"]
[EventRounds "9"]
[EventCountry "GER"]
[SourceTitle "EXT 2002"]
[Source "ChessBase"]
[SourceDate "2001.11.25"]
[SourceVersion "1"]
[SourceVersionDate "2001.11.25"]
[SourceQuality "1"]

1. e4 d5 2. d4 dxe4 3. Nc3 Nf6 4. f3 exf3 5. Nxf3 Bg4 6. h3 Bxf3 7. Qxf3 c6 8. Be3 Nbd7 9. 0-0-0 e6 10. Bd3 Bb4 11. Ne4 Nxe4 12. Bxe4 Nf6 13. Rhf1 0-0 14. Bd3 Nd5 15. Qe4 g6 16. Bh6 Qa5 17. Qe5 f6 18. Qxe6+ Kh8 19. Bxf8 Rxf8 20. c4 Qxa2 21. cxd5 Qa1+ 22. Bb1 cxd5 23. Rxf6 Rxf6 24. Qxf6+ Kg8 25. Qe6+ Kg7 26. Qxd5 Qa6 27. Rd3 Bd6 28. Rf3 Qb6 29. Rf7+ Kh6 30. h4 Bf4+ 31. Rxf4 Qc7+ 32. Kd1 Qxf4 33. Qg5+ 1-0

[Event "Bayern-ch Seniors 12th"]
[Site "Schloss Schney"]
[Date "2000.??.??"]
[Round "8"]
[White "Scheuerlein, Gerhard"]
[Black "Petzenhauser, Isfried"]
[Result "1-0"]
[WhiteElo "1680"]
[BlackElo "1810"]
[PlyCount "87"]
[EventDate "2000.11.02"]
[EventType "swiss"]
[EventRounds "9"]
[EventCountry "GER"]
[SourceTitle "EXT 2002"]
[Source "ChessBase"]
[SourceDate "2001.11.25"]
[SourceVersion "1"]
[SourceVersionDate "2001.11.25"]
[SourceQuality "1"]

1. Nf3 f5 2. c4 e6 3. Nc3 Nf6 4. a3 Be7 5. d4 d5 6. e3 c6 7. Bd3 0-0 8. 0-0 Ne4 9. Qc2 Bd6 10. Ne5 Nd7 11. f4 Ndf6 12. c5 Bxe5 13. dxe5 Ng4 14. h3 Nh6 15. Ne2 Qe7 16. b4 Bd7 17. Bxe4 fxe4 18. Nd4 g5 19. g4 gxf4 20. exf4 Qh4 21. Qg2 Kh8 22. Be3 Rg8 23. Bf2 Qe7 24. Bg3 Nxg4 25. hxg4 Rxg4 26. Kf2 Rag8 27. Ne2 Be8 28. Rh1 Qf7 29. Qh3 h5 30. Rag1 Qh7 31. Ke3 d4+ 32. Nxd4 Qh6 33. Ne2 Qg6 34. Bf2 Kg7 35. Rxg4 hxg4 36. Qh4 Kf8 37. Qh6+ Ke7 38. Qxg6 Bxg6 39. Ng3 Bf5 40. Nxe4 Bxe4 41. Kxe4 g3 42. Be3 g2 43. Rg1 Rg3 44. a4 1-0

[Event "Bayern-ch Seniors 11th"]
[Site "Schloss Schney"]
[Date "1999.??.??"]
[Round "9"]
[White "Betz, Egon"]
[Black "Petzenhauser, Isfried"]
[Result "1-0"]
[WhiteElo "1902"]
[BlackElo "1810"]
[PlyCount "113"]
[EventDate "1999.11.??"]
[EventType "swiss"]
[EventRounds "9"]
[EventCountry "GER"]
[SourceTitle "EXT 2002"]
[Source "ChessBase"]
[SourceDate "2001.11.25"]
[SourceVersion "1"]
[SourceVersionDate "2001.11.25"]
[SourceQuality "1"]

1. e4 e5 2. Nf3 Nc6 3. d4 exd4 4. Nxd4 Nf6 5. Nxc6 bxc6 6. e5 Ne4 7. Qf3 Ng5 8. Qe3 Ne6 9. Bc4 d5 10. exd6 cxd6 11. 0-0 d5 12. Bd3 Bc5 13. Qg3 Bd6 14. Qf3 Qc7 15. g3 0-0 16. c3 Be7 17. Be3 g6 18. Re1 Ng5 19. Qd1 Bh3 20. Nd2 Qd7 21. f4 Bg4 22. Be2 Bxe2 23. Rxe2 Nh3+ 24. Kg2 Qg4 25. Re1 h5 26. Nf3 Bd6 27. Nd4 Rab8 28. Qxg4 hxg4 29. Re2 c5 30. Nc6 Rb7 31. Rae1 Rc7 32. Ne5 Bxe5 33. fxe5 Re8 34. Bf4 Rce7 35. Kf1 d4 36. cxd4 cxd4 37. Bd2 f5 38. exf6 Rxe2 39. Rxe2 Rxe2 40. Kxe2 Ng1+ 41. Kd3 Nf3 42. Bb4 Kf7 43. Bc5 a6 44. Bxd4 Nxh2 45. Ke4 Ke6 46. Bc3 g5 47. f7 Kxf7 48. Kf5 Nf1 49. Kxg4 Kg6 50. Kf3 Nh2+ 51. Ke3 Ng4+ 52. Ke4 Nf2+ 53. Kf3 Nd1 54. Bd4 Kf5 55. g4+ Ke6 56. Ke2 Kd5 57. Bg7 1-0

[Event "Bayern-ch Seniors 11th"]
[Site "Schloss Schney"]
[Date "1999.??.??"]
[Round "4"]
[White "Petzenhauser, Isfried"]
[Black "Goetz, Manfred"]
[Result "1-0"]
[WhiteElo "1810"]
[BlackElo "1640"]
[PlyCount "85"]
[EventDate "1999.11.??"]
[EventType "swiss"]
[EventRounds "9"]
[EventCountry "GER"]
[SourceTitle "EXT 2002"]
[Source "ChessBase"]
[SourceDate "2001.11.25"]
[SourceVersion "1"]
[SourceVersionDate "2001.11.25"]
[SourceQuality "1"]

1. e4 e5 2. f4 exf4 3. Nf3 d5 4. exd5 Nf6 5. c4 c6 6. d4 cxd5 7. c5 Nc6 8. Bb5 Be7 9. 0-0 0-0 10. Bxf4 Be6 11. Bxc6 bxc6 12. Nc3 Qc8 13. Qa4 Qb7 14. b4 a6 15. a3 h6 16. Ne5 Rac8 17. Rae1 Nh7 18. Ng6 Rfe8 19. Nxe7+ Rxe7 20. Bd6 Ree8 21. Qa5 Nf8 22. Qb6 Qa8 23. Na4 Nd7 24. Qa5 Qb7 25. Nb6 Rcd8 26. Na4 Nf8 27. Nc3 Qc8 28. Qc7 Qa8 29. Bg3 Rd7 30. Qf4 Ng6 31. Qf2 Bg4 32. Bd6 Rxe1 33. Rxe1 Be6 34. Na4 Rd8 35. Qg3 Qb7 36. Rxe6 fxe6 37. Qxg6 Qf7 38. Qxf7+ Kxf7 39. Kf2 h5 40. Nb2 Kg6 41. Kf3 Kf5 42. h3 g5 43. g4+ 1-0

[Event "Bayern-ch Seniors 11th"]
[Site "Schloss Schney"]
[Date "1999.??.??"]
[Round "8"]
[White "Petzenhauser, Isfried"]
[Black "Manfeldt, Alfred"]
[Result "1-0"]
[WhiteElo "1810"]
[BlackElo "1740"]
[PlyCount "55"]
[EventDate "1999.11.??"]
[EventType "swiss"]
[EventRounds "9"]
[EventCountry "GER"]
[SourceTitle "EXT 2002"]
[Source "ChessBase"]
[SourceDate "2001.11.25"]
[SourceVersion "1"]
[SourceVersionDate "2001.11.25"]
[SourceQuality "1"]

1. e4 b6 2. d4 e6 3. Nf3 Bb7 4. Bd3 d6 5. Nc3 Nd7 6. Qe2 Be7 7. Bd2 e5 8. 0-0-0 Bf6 9. dxe5 dxe5 10. h4 c6 11. Be3 b5 12. Nxb5 cxb5 13. Bxb5 Bc8 14. Rxd7 Bxd7 15. Rd1 Ne7 16. Bxd7+ Qxd7 17. Rxd7 Kxd7 18. Qb5+ Kc7 19. Nxe5 Bxe5 20. Qxe5+ Kd7 21. Qxg7 Ke6 22. Qg4+ f5 23. exf5+ Nxf5 24. Qe4+ Kf6 25. Bg5+ Kg6 26. Qe6+ Kh5 27. Qxf5 Raf8 28. g4# 1-0

[Event "Bayern-ch Seniors 11th"]
[Site "Schloss Schney"]
[Date "1999.??.??"]
[Round "7"]
[White "Schmidt, Lothar"]
[Black "Petzenhauser, Isfried"]
[Result "1-0"]
[WhiteElo "2082"]
[BlackElo "1810"]
[PlyCount "89"]
[EventDate "1999.11.??"]
[EventType "swiss"]
[EventRounds "9"]
[EventCountry "GER"]
[SourceTitle "EXT 2002"]
[Source "ChessBase"]
[SourceDate "2001.11.25"]
[SourceVersion "1"]
[SourceVersionDate "2001.11.25"]
[SourceQuality "1"]

1. d4 Nf6 2. c4 e5 3. dxe5 Ne4 4. Nf3 Nc6 5. Nbd2 Nc5 6. a3 Qe7 7. e3 Nxe5 8. Nxe5 Qxe5 9. Nf3 Qf6 10. Be2 b6 11. Qd4 Bb7 12. Qxf6 gxf6 13. b4 Ne4 14. Bb2 Rg8 15. Nh4 Be7 16. f3 Nd6 17. c5 f5 18. cxd6 Bxh4+ 19. g3 Bg5 20. Kf2 cxd6 21. Bd3 Bh6 22. Bxf5 Bg7 23. Bxg7 Rxg7 24. Rac1 Bc6 25. Rhd1 d5 26. Rd4 Rg5 27. g4 Rg7 28. h4 f6 29. Bd3 b5 30. Rc5 a6 31. Be2 Ke7 32. h5 f5 33. Kg3 Rag8 34. Bd3 Rg5 35. Kh4 fxg4 36. Rxg4 Rxg4+ 37. fxg4 h6 38. Bg6 a5 39. g5 axb4 40. axb4 hxg5+ 41. Kxg5 Ke6 42. Rc1 d4 43. exd4 Be4 44. Re1 Kd5 45. Rxe4 1-0